Premier League Liverpool's Top Scorers Quiz Stats

 Plays Quiz Updated May 24, 2021

Support Sporcle.
Go Orange.
Score 0/36 Timer 08:00
12 Plays Today
Goals Scorer % Correct
120Steven Gerrard
96.8%
69Luis Suárez
92.5%
65Fernando Torres
90.5%
118Michael Owen
89.9%
74Sadio Mané
89.9%
128Robbie Fowler
89.4%
66Roberto Firmino
87.7%
95Mohamed Salah
79.2%
50Daniel Sturridge
78.5%
45Ian Rush
75.5%
14Xabi Alonso
74.3%
41Philippe Coutinho
72.3%
51Dirk Kuyt
71%
22Sami Hyypiä
61.4%
21John Arne Riise
60.2%
39Emile Heskey
60.1%
19James Milner
59.5%
22Peter Crouch
57.6%
Goals Scorer % Correct
18Raheem Sterling
56.8%
41Steve McManaman
56.3%
27Jordan Henderson
55.5%
18Luis Garcia
54%
22John Barnes
53.6%
16Georginio Wijnaldum
52.2%
19Milan Baros
51.5%
16Martin Skrtel
47.3%
29Jamie Redknapp
46.9%
18Adam Lallana
46.2%
19Divock Origi
45.2%
17Andy Carroll
44.6%
28Patrik Berger
41.8%
25Danny Murphy
41.1%
26Stan Collymore
40.4%
18Yossi Benayoun
34.4%
14Paul Ince
32.5%
15Maxi Rodríguez
20.8%

From the Vault

Condensed Movies II

by rockgolf

Movies 8m
These films have been formatted to fit your browser.
Remove Ads.
Support Sporcle.
Get the best of Sporcle when you Go Orange. This ad-free experience offers more features, more stats, and more fun while also helping to support Sporcle. Thank you for becoming a member.

Show Comments

Extras

Top Quizzes Today


Score Distribution

Your Account Isn't Verified!

In order to create a playlist on Sporcle, you need to verify the email address you used during registration. Go to your Sporcle Settings to finish the process.

Report this User

Report this user for behavior that violates our Community Guidelines.

Details: